Laboratorio de radiocomunicaciones

保存先:
書誌詳細
主要な著者: Rodrigo Peñarrocha, Vicent Miquel (著者), Boria Esbert, Vicente E (著者), Juan Llácer, Leandro (著者), Balbastre Tejedor, Juan Vicente (著者), Catalá Civera, José Manuel (著者)
フォーマット: 図書
言語:スペイン語
出版事項: Valencia Universidad Politécnica de Valencia 2000
主題:
タグ: タグ追加
タグなし, このレコードへの初めてのタグを付けませんか!

MARC

LEADER 00000nam a2200000 a 4500
001 UCK7667
003 CL-VaPUC
008 051202e20000000SP |||||||||||||||||spa|d
020 |a 8477219184 
082 0 4 |a 621.382  |b ROD  |2 21 
100 0 |a Rodrigo Peñarrocha, Vicent Miquel  |e author  |9 497182 
700 0 |a Boria Esbert, Vicente E  |e author  |9 497183 
700 0 |a Juan Llácer, Leandro  |e author  |9 497184 
700 0 |a Balbastre Tejedor, Juan Vicente  |e author  |9 497185 
700 0 |a Catalá Civera, José Manuel  |e author  |9 497186 
245 1 0 |a Laboratorio de radiocomunicaciones 
300 |a v 
942 |c BK 
945 |d 20051202 00:00:00  |a cmena 
260 |a Valencia  |b Universidad Politécnica de Valencia  |c 2000 
650 0 |a Telecomunicaciones   |9 257195 
650 7 |a RADIOCOMUNICACIONES  |2 CL-VaPUC  |9 385953 
650 7 |a LINEAS DE TRANSMISION  |2 CL-VaPUC  |9 453303 
650 0 |a Propagación de ondas  |9 263256 
583 |a last modification  |c 20051202 00:00:00  |k Rodrigo Vera 
999 |c 315519  |d 315517 
952 |0 0  |1 0  |2 ddc  |4 0  |6 621_382000000000000_ROD_2000  |7 0  |8 A  |9 388830  |a BIBING  |b BIBING  |c RES  |d 2019-11-22  |h v.1  |i 4181646  |o 621.382 ROD 2000  |p 4181646  |r 2025-01-20  |w 2019-11-22  |y BK  |k EIE 
952 |0 0  |1 0  |2 ddc  |4 0  |6 621_382000000000000_ROD_2000  |7 0  |8 A  |9 388831  |a BIBING  |b BIBING  |c RES  |d 2019-11-22  |h v.2  |i 4181654  |o 621.382 ROD 2000  |p 4181654  |r 2025-01-20  |w 2019-11-22  |y BK  |k EIE